Budovanie systému riadenia nákladov na stavebné procesy s využitím controllingu
Návrh regulačného cyklu riadenia nákladov na stavebné procesy. Formulácia a stanovenie cieľov v oblasti nákladov. Fáza plánovania a kalkulovania nákladov na stavebné procesy. Fáza sledovania skutočnej spotreby výrobných činiteľov. Nástroje na sledovanie spotreby nákladov uskutočnených stavebných pro...
Salvato in:
| Autore principale: | |
|---|---|
| Natura: | Capitolo di libro |
| Lingua: | slovacco |
| Soggetti: | |
| Tags: |
Nessun Tag, puoi essere il primo ad aggiungerne!!
|
MARC
| LEADER | 00000naa$a2200000$$$4500 | ||
|---|---|---|---|
| 001 | 0049805 | ||
| 005 | 20230908102151.2 | ||
| 041 | 0 | |a slo | |
| 044 | |a SK | ||
| 245 | 1 | 0 | |a Budovanie systému riadenia nákladov na stavebné procesy s využitím controllingu |c František Mesároš |
| 520 | |a Návrh regulačného cyklu riadenia nákladov na stavebné procesy. Formulácia a stanovenie cieľov v oblasti nákladov. Fáza plánovania a kalkulovania nákladov na stavebné procesy. Fáza sledovania skutočnej spotreby výrobných činiteľov. Nástroje na sledovanie spotreby nákladov uskutočnených stavebných procesov. Výpočet odchýlok. Príčiny odchýlok. | ||
| 610 | 2 | 0 | |a kontroling |
| 610 | 2 | 0 | |a stavebníctvo |
| 610 | 2 | 0 | |a náklady |
| 610 | 2 | 0 | |a kalkulácia nákladov |
| 610 | 2 | 0 | |a znižovanie nákladov |
| 610 | 2 | 0 | |a regulácia operatívna |
| 610 | 2 | 0 | |a plánovanie operatívne |
| 610 | 2 | 0 | |a účtovníctvo finančné |
| 100 | 1 | |a Mesároš, František | |